Vista normal Vista MARC

Entrada Meeting Name

Número de registros utilizados en: 1

001 - CONTROL NUMBER

  • control field: 38532

003 - CONTROL NUMBER IDENTIFIER

  • control field: OSt

005 - DATE AND TIME OF LATEST TRANSACTION

  • control field: 20210716144325.0

008 - FIXED-LENGTH DATA ELEMENTS

  • fixed length control field: 210716|| aca||aabn | a|a d

040 ## - CATALOGING SOURCE

  • Original cataloging agency: OSt
  • Transcribing agency: OSt

111 ## - HEADING--MEETING NAME

  • Meeting name or jurisdiction name as entry element: Convención Bancaria y de Instituciones Financieras
  • Number of part/section/meeting: (19 :
  • Date of meeting or treaty signing: 1981 :
  • Location of meeting: Cartagena, Colombia)

670 ## - SOURCE DATA FOUND

  • Source citation: Work cat.: (OSt)11953: Convención Bancaria y de Instituciones Financieras (19 : 1981 : Cartagena, Colombia), Aspectos relevantes del sector financiero /, [1981]